1628 1016 1249 1816 1392 1983 1045 1486 1109 1765 1649 1018 1612 1187 1133 1629 1269 1481 1685 1144 1578 1296 1658 1503 1928 1566 1278 1873 1049 1974 1419 1944 1246 1205 1722 1008 1477 1923 1087 1903 1693 1591 1051 1862 1524 1284 1436 1630 1653 1615 1185 1674 1929 1797 1022 1029 1167 1687 1085 1320 1382 1552 1833 1501 1017 1860 1740 1866 1130 1683 1362 1869 1333 1749 1103 1027 1673 1304 1760 1991 1922 1982 1383 1328 1509 1667 1724 1400 1090 1476 1217 1680 1081 1396 1790 1619 1236 1373 1447 BCNSPRNW ULIB Ver.6.0+V

เปลี่ยนเป็นภาษาไทย

Change to English
 แสดงรายละเอียดบรรณานุกรม
  กลับหน้าหลัก

Brief Record : Get Marc (ISO 2709) : E-mail record : QR code < ปิดหน้าต่าง
LEADER : 00000nam 2200000uu 4500
001    13399114581
003     ULIB
008    120418s2551||||th 000 0 tha d
020    ^a9789749935248
090    ^aนว.^bป338ศ 2551
100 0  ^aประภัสสร
245 00 ^aดอกไม้ใต้หมอน/^cประภัสสร
250    ^aพิมพ์ครั้งที่ 5
260    ^aกรุงเทพฯ :^bสำนักพิมพ์อรุณ^c2551
300    ^a263 หน้า
945    ^p195^l0^i15022
995    ^aกัณชพร
999    ^aใช้งานได้ทุกระบบ
รายการนี้ยังไม่มีแท็ก
คุณยังไม่ได้ล็อกอิน คุณสามารถมีกิจกรรมร่วมกับเว็บไซต์ได้ แต่ต้องล็อกอินก่อน ::
  ล็อกอิน

รายการสื่อสารสนเทศ

ลำดับที่ ประเภท เลขเรียก/บาร์โค้ด สถานที่ สถานะ
1. วิทยาศาสตร์การแพทย์ และสุขภาพ
วิทยาศาสตร์การแพทย์ และสุขภาพ
นว. ป338ศ 2551  
  Barcode: 15022
ห้องสมุดวิทยาเขตสวรรค์ประชารักษ์
►นวนิยาย
บนชั้น
  ขอยืม

รายการใกล้เคียง
    ผู้แต่ง [ประภัสสร]

BibComment


ยังไม่เคยถูกคอมเมนท์

คอมเมนท์ทรัพยากรรายการนี้
  คอมเมนท์: ดอกไม้ใต้หมอน ปร..


 Copyright 2026. Bcnsprnw @Library